000 00577nam a2200229Ia 4500
003 OSt
005 20220924151139.0
006 a|||||r|||| 00| 0
007 ta
008 220923b |||||||| |||| 00| 0 ara d
024 _a336335
037 _cTextual
040 _aARTS
_cARTS
_bara
041 _2ara
_aara
082 _aO28,1:gN7, K2
100 _aMalaik Nazuk Au.
_9223665
245 0 _aFazayaul sherul muasir
260 _c1962
650 _aARABIC POETRY
942 _hO28,1:gN7, K2
_cTEXL
_2CC
999 _c465668
_d465668